Pesonnel management (Record no. 120428)

MARC details
000 -LEADER
fixed length control field 00373nam a2200157Ia 4500
008 - FIXED-LENGTH DATA ELEMENTS--GENERAL INFORMATION
fixed length control field 230917s9999||||xx |||||||||||||| ||und||
040 ## - CATALOGING SOURCE
-- 107627
Original cataloging agency VIVEKANANDA LIBRARY
041 ## - Language
-- English
082 ## - DDC NUMBER
Classification number 658.3 M741P
100 ## - MAIN ENTRY--PERSONAL NAME
Personal name Monappa, Arun
245 #0 - TITLE STATEMENT
Title Pesonnel management
250 ## - EDITION STATEMENT
Edition statement 2nd ed.
260 ## - PUBLICATION, DISTRIBUTION, ETC. (IMPRINT)
Place of publication, distribution, etc New Delhi
Name of publisher, distributor, etc Tata McGraw-Hill
Date of publication, distribution, etc 1998
300 ## - PHYSICAL DESCRIPTION
Pages 416 p.
942 ## - ADDED ENTRY ELEMENTS (KOHA)
Koha item type Books
Holdings
Withdrawn status Lost status Damaged status Not for loan Location (home branch) Sublocation or collection (holding branch) Shelving location Date acquired Koha issues (times borrowed) Koha full call number Accession No. Koha date last seen Koha item type
        VIVEKANANDA LIBRARY VIVEKANANDA LIBRARY IMSAR Library 19/07/2005   658.3 M741P 212974 17/09/2023 Books
        VIVEKANANDA LIBRARY VIVEKANANDA LIBRARY IHTM Library 19/07/2005   658.3 M741P 278512 17/09/2023 Books
        VIVEKANANDA LIBRARY VIVEKANANDA LIBRARY IHTM Library 19/07/2005   658.3 M741P 278513 17/09/2023 Books
        VIVEKANANDA LIBRARY VIVEKANANDA LIBRARY   19/07/2005   658.3 M741P 290333 17/09/2023 Books
© Designed and Maintained by Vivekananda Library, MDU Rohtak